Pla d'acció cultural d'Esparraguera : gener 2010 gener 2010
Descripción Física:
117 pàgines : il·lustracions ; 29 cm
Idioma:
Catalán
MARC
| LEADER | 00000nam a2200000uc 4500 | ||
|---|---|---|---|
| 001 | 1016934 | ||
| 008 | s2010||||sp ||||gr|||| ||| ||cat|d | ||
| 040 | |a BGR |b cat | ||
| 245 | 0 | 0 | |a Pla d'acció cultural d'Esparraguera : |b gener 2010 |
| 260 | |a Barcelona : |b Diputació de Barcelona, Centre d'Estudis i Recursos Culturals (CERC), |c 2010 | ||
| 300 | |a 117 pàgines : |b il·lustracions ; |c 29 cm | ||
| 651 | 1 | 0 | |a Esparreguera (Catalunya) |x Política cultural |9 53668 |
| 710 | 1 | |a Esparreguera (Catalunya). |b Ajuntament |9 17163 | |
| 710 | 1 | |a Barcelona (Catalunya : Província). |b Centre d'Estudis i Recursos Culturals |9 52487 | |
| 942 | |c ARXIU |2 udc |n 1 | ||
| 952 | |0 0 |1 0 |4 0 |6 BIB738 |7 1 |9 62587 |a Arxiu |b Arxiu |d 2022-06-30 |o Bib-738 |p 26100 |r 2022-06-30 00:00:00 |w 2022-06-30 |y ARXIU |z Donatiu BGR | ||
| 999 | |c 21211 |d 21211 | ||